10 States with the most wildfires - Statistics

General Stats
  • This quiz has been taken 57 times
  • The average score is 8 of 10
Answer Stats
Number of Wildfires State % Correct
8,194 California
100%
6,892 Texas
96%
2,293 Oregon
93%
1,394 Washington
93%
1,869 Arizona
91%
1,474 Montana
84%
2,121 Florida
73%
1,107 Alabama
67%
3,158 Georgia
56%
3,872 North Carolina
49%
No matching quizzes found
Score Distribution
Percent of People with Each Score
Percentile by Number Answered
Your Score History
You have not taken this quiz